Early warning and conflict prevention : (Record no. 3428)

MARC details
000 -LEADER
fixed length control field 01606cam a2200349 a 4500
001 - CONTROL NUMBER
control field 1199009
003 - CONTROL NUMBER IDENTIFIER
control field OSt
005 - DATE AND TIME OF LATEST TRANSACTION
control field 20160408161410.0
008 - FIXED-LENGTH DATA ELEMENTS--GENERAL INFORMATION
fixed length control field 980715s1998 ne a b 101 0 eng
010 ## - LIBRARY OF CONGRESS CONTROL NUMBER
LC control number 98030405
020 ## - INTERNATIONAL STANDARD BOOK NUMBER
International Standard Book Number 904111064X (acid-free paper)
040 ## - CATALOGING SOURCE
Original cataloging agency DLC
Transcribing agency DLC
Modifying agency DLC
050 00 - LIBRARY OF CONGRESS CALL NUMBER
Classification number JZ6368
Item number .E18 1998
082 00 - DEWEY DECIMAL CLASSIFICATION NUMBER
Classification number 320
Edition number 21
Item number EAR 1998
245 00 - TITLE STATEMENT
Title Early warning and conflict prevention :
Remainder of title limitations and possibilities /
Statement of responsibility, etc. edited by Klaas van Walraven.
260 ## - PUBLICATION, DISTRIBUTION, ETC. (IMPRINT)
Place of publication, distribution, etc. The Hague ;
-- Boston :
Name of publisher, distributor, etc. Kluwer Law International,
Date of publication, distribution, etc. 1998.
300 ## - PHYSICAL DESCRIPTION
Extent xii, 204 p. :
Other physical details ill. ;
Dimensions 24 cm.
490 1# - SERIES STATEMENT
Series statement Nijhoff law specials ;
Volume/sequential designation v. 39
500 ## - GENERAL NOTE
General note Papers presented at a symposium held at Netherlands Institute of International Relations 'Clingendael' in Nov. 1996.
504 ## - BIBLIOGRAPHY, ETC. NOTE
Bibliography, etc Includes bibliographical references (p. 187-197) and index.
650 #0 - SUBJECT ADDED ENTRY--TOPICAL TERM
Topical term or geographic name as entry element International relations
General subdivision Risk assessment
-- Congresses.
9 (RLIN) 7649
650 #0 - SUBJECT ADDED ENTRY--TOPICAL TERM
Topical term or geographic name as entry element Intervention (International law)
General subdivision Congresses.
9 (RLIN) 7650
650 #0 - SUBJECT ADDED ENTRY--TOPICAL TERM
Topical term or geographic name as entry element Security, International
General subdivision Congresses.
9 (RLIN) 7651
650 #0 - SUBJECT ADDED ENTRY--TOPICAL TERM
Topical term or geographic name as entry element Conflict management
General subdivision Congresses.
9 (RLIN) 7652
653 ## - INDEX TERM--UNCONTROLLED
Uncontrolled term Humanitarian intervention
700 1# - ADDED ENTRY--PERSONAL NAME
Personal name Walraven, Klaas van,
Dates associated with a name 1958-
9 (RLIN) 7653
710 2# - ADDED ENTRY--CORPORATE NAME
Corporate name or jurisdiction name as entry element Nederlands Instituut voor Internationale Betrekkingen "Clingendael."
9 (RLIN) 7654
830 #0 - SERIES ADDED ENTRY--UNIFORM TITLE
Uniform title Nijhoff law specials ;
Volume number/sequential designation 39.
9 (RLIN) 7655
906 ## - LOCAL DATA ELEMENT F, LDF (RLIN)
a 7
b cbc
c orignew
d 1
e ocip
f 19
g y-gencatlg
942 ## - ADDED ENTRY ELEMENTS (KOHA)
Source of classification or shelving scheme Dewey Decimal Classification
Koha item type Short Loan
Holdings
Withdrawn status Lost status Source of classification or shelving scheme Damaged status Not for loan Home library Current library Date acquired Inventory number Total Checkouts Full call number Barcode Date last seen Price effective from Koha item type
    Dewey Decimal Classification     MUST Main Library MUST Main Library 08/04/2016 2000/14683   320 EAR 1998 2016-0653 08/04/2016 08/04/2016 Short Loan